000 00893nam a2200253Ia 4500
003 OSt
005 20220923221226.0
006 a|||||r|||| 00| 0
007 ta
008 220922b |||||||| |||| 00| 0 hin d
024 _a195,824
037 _cTextual
040 _aARTS
_cARTS
_bhin
041 _2hin
_ahin
082 _aR5xM66,1, 152K7
100 _aक्रोचे; अरे, श्रीकान्त, अनु.
_9165209
245 0 _aसौंदर्य शास्त्र के मूल तत्व
246 _aSauandarya shāstra ke mūl tatva
260 _aइलाहाबाद
_b किताब घर
_c1967
300 _a108पृ.
_ccm.
650 _aभारतीय दर्शन
942 _hR5xM66,1, 152K7
_cTEXL
_2CC
999 _c347947
_d347947